Công trình cấp thoát nước

Gespeichert in:
Bibliographische Detailangaben
1. Verfasser: Trương, Chí Hiền
Weitere Verfasser: Lê, Đình Hồng
Format: Buch
Sprache:Undetermined
Veröffentlicht: TP.HCM Đại học Quốc gia TP.HCM 2008
Schlagworte:
Online Zugang:http://lrc.tdmu.edu.vn/opac/search/detail.asp?aID=2&ID=3540
Tags: Tag hinzufügen
Keine Tags, Fügen Sie den ersten Tag hinzu!
Thư viện lưu trữ: Trung tâm Học liệu Trường Đại học Thủ Dầu Một
LEADER 00675nam a2200205Ia 4500
001 TDMU_3540
008 210410s9999 xx 000 0 und d
082 |a 628.1 
090 |b T773 
100 |a Trương, Chí Hiền 
245 0 |a Công trình cấp thoát nước 
245 0 |c Trương Chí Hiền, Lê Đình Hồng 
260 |a TP.HCM 
260 |b Đại học Quốc gia TP.HCM 
260 |c 2008 
300 |a 265tr. 
650 |a Cấp thoát nước 
700 |a Lê, Đình Hồng 
856 |u http://lrc.tdmu.edu.vn/opac/search/detail.asp?aID=2&ID=3540 
980 |a Trung tâm Học liệu Trường Đại học Thủ Dầu Một